Lovci /
Akční superhrdinský sci-fi román v rytmu splatterpunku. Od českého autora, který se v tomto ostřejším žánru už renomoval, nelze očekávat nic jiného, nežli další nekompromisní nářez.
Uloženo v:
| Hlavní autor: | |
|---|---|
| Médium: | E-kniha |
| Jazyk: | Czech |
| Vydáno: |
Praha :
Epocha s.r.o.,
2025
|
| Vydání: | Druhé vydání |
| Edice: | Fantastická Epocha
|
| Témata: | |
| Tagy: |
Žádné tagy |
| LEADER | 02515nam a2200409 i 4500 | ||
|---|---|---|---|
| 001 | 312690 | ||
| 003 | CZ PrSKC | ||
| 005 | 20260601215727.0 | ||
| 007 | ta | ||
| 008 | 250401s2025 xr g 000 f cze | ||
| 015 | |a cnb003680473 | ||
| 020 | |a 9788027802296 |q (brožováno) | ||
| 035 | |a (OCoLC)1522999929 | ||
| 040 | |a ABG001 |b cze |e rda | ||
| 072 | 7 | |a 821.162.3-3 |x Česká próza |2 Konspekt | |
| 080 | |a 821.162.3-31 |2 MRF | ||
| 080 | |a (0:82-311.9) |2 MRF | ||
| 100 | 1 | |a Kotleta, František |c (fiktivní postava), |d 1981- |7 xx0123480 |4 aut | |
| 245 | 1 | 0 | |a Lovci / |c František Kotleta |
| 250 | |a Druhé vydání | ||
| 264 | 1 | |a Praha : |b Epocha s.r.o., |c 2025 | |
| 300 | |a 363 stran ; |c 18 cm | ||
| 336 | |a text |b txt |2 rdacontent | ||
| 337 | |a bez média |b n |2 rdamedia | ||
| 338 | |a svazek |b nc |2 rdacarrier | ||
| 490 | 1 | |a Fantastická Epocha ; |v sv. 40 | |
| 520 | 2 | |a Akční superhrdinský sci-fi román v rytmu splatterpunku. Od českého autora, který se v tomto ostřejším žánru už renomoval, nelze očekávat nic jiného, nežli další nekompromisní nářez. |b Autorův samostatný román Lovci je zasazen do blízké budoucnosti Prahy roku 2050. A procházka růžovou zahradou to pro středoevropskou metropoli nebude. Město se potýká s nezvládnutým odpadem, tím pádem i zmutovanými přemnoženými potkany a v jeho ulicích řádí více méně permanentní pouliční válka. Třešničkou na dortu je pak maník s nabouchaným egem, který své lidské schopnosti vylepší extra výbušným koktejlem genetické úpravy říznuté kybernetickým vylepšením. A voila, z padoucha je tak rázem superpadouch. Jediným světlým místem a nadějí na záchranu tak zůstává zvláštní skupina federálních policistů z Organizace pro boj s vylepšenými teroristy. Lovci! | |
| 655 | 7 | |a české romány |7 fd133974 |2 czenas | |
| 655 | 7 | |a vědecko-fantastické romány |7 fd133847 |2 czenas | |
| 655 | 9 | |a Czech fiction |2 eczenas | |
| 655 | 9 | |a science fiction novels |2 eczenas | |
| 830 | 0 | |a Fantastická Epocha | |
| 900 | |a ABA001 |b 19 | ||
| 044 | |a xr | ||
| 910 | |a RBIT002 | ||
| 998 | |d 418289 |a https://core.palmknihy.cz/api/books/418289/cover?sucrn2 |b https://core.palmknihy.cz/api/books/418289/cover/400?sucrn2 |c https://core.palmknihy.cz/api/books/418289/cover/50?sucrn2 |e 2026-12-31 |g 376 |i 9788027802296 |j https://core.palmknihy.cz/api/books/418289/preview.epub |k https://core.palmknihy.cz/api/books/418289/preview.pdf |l |q 49 |r 1 |s https://www.palmknihy.cz/kniha/418289 |t ebook |y 2025 |z 0 | ||
| 999 | |d 312688 | ||